Lectures on the coupling method

Αποθηκεύτηκε σε:
Λεπτομέρειες βιβλιογραφικής εγγραφής
Κύριος συγγραφέας: Lindvall, Torgny 1945-
Μορφή: Βιβλίο
Γλώσσα:English
Δημοσίευση: New York ; Chichester : John Wiley, c1992
Σειρά:Wiley series in probability and mathematical statistics. Probability and mathematical statistics
Θέματα:
Ετικέτες: Προσθήκη ετικέτας
Δεν υπάρχουν, Καταχωρήστε ετικέτα πρώτοι!

MARC

LEADER 00000nam a2200000 i 4500
001 1/72027
008 990312s1992 eng d
020 |a 0-471-54025-0 
035 |l 10048465 
040 |a GR-MY-UA  |b gre  |e aacr 
041 0 |a eng 
082 0 |a 519.24 
100 1 |a Lindvall, Torgny  |d 1945- 
245 1 0 |a Lectures on the coupling method /  |c Torgny Lindvall 
246 3 3 |a Coupling method 
260 |a New York ; Chichester :   |b John Wiley,   |c c1992 
300 |a xii, 257 p.;  |b ill.;  |c 24 cm. 
490 1 |a Wiley series in probability and mathematical statistics. Probability and mathematical statistics 
500 |a Includes bibliographical references and index 
650 0 0 |a Probability measures. 
830 0 |a Wiley series in probability and mathematical statistics. Probability and mathematical statistics 
852 |a INST  |b SAMOS  |e 19990312  |h 519.24 LIN  |p 005300013219  |q 005300013219  |t BK  |y 0 
901 |a BIBL-1999-1 
909 |a Σ  |b 063099 
922 |a 3ΕΛΗ  |b 199901  |c ΕΠΕΑΕΚ/ΜΑΘ  |d GLORY